Welcome to CU Library Online Public Access Catalogue (OPAC)

Algebra : (Record no. 1491)

MARC details
000 -LEADER
fixed length control field 00529cam a22001814a 4500
001 - CONTROL NUMBER
control field 12292537
005 - DATE AND TIME OF LATEST TRANSACTION
control field 20241122185914.0
008 - FIXED-LENGTH DATA ELEMENTS--GENERAL INFORMATION
fixed length control field 010129s2002 nju b 001 0 eng
020 ## - INTERNATIONAL STANDARD BOOK NUMBER
International Standard Book Number 9780130882547
050 00 - LIBRARY OF CONGRESS CALL NUMBER
Classification number QA162
Item number .P36 2002
082 00 - DEWEY DECIMAL CLASSIFICATION NUMBER
Classification number 512/.02
Edition information 21
100 1# - MAIN ENTRY--PERSONAL NAME
Personal name Papantonopoulou, Aigli,
Dates associated with a name 1947-
245 10 - TITLE STATEMENT
Title Algebra :
Remainder of title pure & applied /
Statement of responsibility, etc. Aigli Papantonopoulou.
260 ## - PUBLICATION, DISTRIBUTION, ETC.
Place of publication, distribution, etc. Upper Saddle River, NJ :
Name of publisher, distributor, etc. Prentice Hall,
Date of publication, distribution, etc. c2002.
300 ## - PHYSICAL DESCRIPTION
Extent xvii, 550 p. ;
Dimensions 24 cm.
650 #0 - SUBJECT ADDED ENTRY--TOPICAL TERM
Topical term or geographic name entry element Algebra, Abstract.
942 ## - ADDED ENTRY ELEMENTS (KOHA)
Source of classification or shelving scheme Library of Congress Classification
Koha item type Books
Suppress in OPAC No
999 ## -
-- 1491
-- 1491
Holdings
Withdrawn status Lost status Source of classification or shelving scheme Damaged status Not for loan Collection Home library Current library Shelving location Date acquired Total checkouts Full call number Barcode Date last seen Copy number Price effective from Koha item type
    Library of Congress Classification     Non-fiction Science Library (Miotso) Science Library (Miotso) General stacks 11/22/2024   QA162 .P36 PAP SLM00000798 11/22/2024 1 11/22/2024 Books
© 2023-2024 Copyright: Central University Libraries. All Rights Reserved | Created by: Mahone Tech Office